=LDR 00000nam 2200000 4500 =001 INLIS000000000031596 =005 20130612133647 =008 ***********************************ind** =035 ##$$0010-061300000031596 =041 ##$$a ind =082 ##$$a 952.503 =090 ##$$a 952.503, Gus, e =245 ##$$a ENSIKLOPEDI Bergambar Sejarah Bumi , Penerjemah,Mulia Dharma;Editor,Agus Salim =260 ##$$a 2007 $b Bandung =300 ##$$a 112 hlm. , Illus , 24 cm =650 ##$$a SEJARAH BUMI =650 ##$$a ENSIKLOPEDI =700 ##$$a DHARMA, Mulia =850 ##$$a NBPNMAT =990 ##$$a 0001/BPAP-NTB/20142014 =990 ##$$a 0001/BPAP-NTB/20142014